Länder mit gleichem Anfangs- und Endbuchstabe - Statistiken

Allgemein
  • Dieses Quiz wurde 198 mal gespielt
  • Das Durchschnittsergebnis liegt bei 4 aus 9
Antwortstatistiken
Land % Korrekt
Deutschland
82%
Andorra
66%
Norwegen
66%
Angola
63%
Antigua und Barbuda
46%
Elfenbeinküste
35%
St. Kitts und Nevis
32%
Äquatorial-Guinea
28%
Nordmazedonien
27%
Keine übereinstimmenden Quizze gefunden
Verteilung der Resultate
Anzahl Personen mit jedem Resultat
Perzentil nach korrekt beantworteten Fragen
Ihre Resultats-Entwicklung
Sie haben dieses Quiz noch nicht gespielt